Using readers in language teaching
সংরক্ষণ করুন:
| প্রধান লেখক: | |
|---|---|
| বিন্যাস: | গ্রন্থ |
| ভাষা: | ইংরেজি |
| প্রকাশিত: |
Londres
MacMillan
1985
|
| সংস্করন: | 1a. ed |
| মালা: | Essential Language Teaching Series
|
| বিষয়গুলি: | |
| ট্যাগগুলো: |
ট্যাগ যুক্ত করুন
কোনো ট্যাগ নেই, প্রথমজন হিসাবে ট্যাগ করুন!
|
MARC
| LEADER | 00000nam a2200000 a 4500 | ||
|---|---|---|---|
| 001 | UCK8043 | ||
| 003 | CL-VaPUC | ||
| 008 | 060113e19850000UK |||||||||||||||||eng|d | ||
| 020 | |a 0333333888 | ||
| 082 | 0 | 4 | |a 428.007 |b HED |2 21 |
| 100 | |a Hedge, Tricia |e author |9 534645 | ||
| 245 | 1 | 0 | |a Using readers in language teaching |
| 250 | |a 1a. ed | ||
| 300 | |a 152 p | ||
| 942 | |c BK | ||
| 945 | |d 20060113 00:00:00 |a cmena | ||
| 260 | |a Londres |b MacMillan |c 1985 | ||
| 650 | 0 | |a Educación lingüística |9 306506 | |
| 650 | 0 | |a Inglés |9 260023 | |
| 650 | 0 | |a Comprensión de lectura |9 307588 | |
| 650 | 0 | |a Métodos de enseñanza |9 270413 | |
| 650 | 0 | |a Enseñanza del inglés |9 367340 | |
| 583 | |a last modification |c 20060113 00:00:00 |k Rodrigo Vera | ||
| 490 | 0 | |a Essential Language Teaching Series | |
| 999 | |c 315874 |d 315872 | ||
| 952 | |0 0 |1 0 |4 0 |6 428_007000000000000_HED_1985 |7 0 |8 A |9 389696 |a BIBEDU |b BIBEDU |d 2019-11-22 |i 4202600 |o 428.007 HED 1985 |p 4202600 |r 2019-11-22 |w 2019-11-22 |y BK |k LIT | ||